| 000 | 01158nam a2200301 4500 | ||
|---|---|---|---|
| 001 | 0000017401 | ||
| 003 | CO-CtgCURN | ||
| 005 | 20250513160627.0 | ||
| 007 | ta | ||
| 008 | 160627s1997 000 0 eng d | ||
| 020 | _a9586760111 | ||
| 040 |
_aCO-CtgCURN _bspa _ccoctgcurn |
||
| 082 | 0 |
_a345.025 _bL86p |
|
| 100 | 1 | _aLópez Morales, Jairo. | |
| 245 | 1 | 0 |
_aPerjuicios morales : _bevolucion de la jurisprudencia colombiana doctrina de autores extranjeros / _cJairo López Morales. |
| 260 |
_aBogotá : _bDoctrina y Ley, _c1997. |
||
| 300 | _a253 p. | ||
| 336 | _2rdacontent | ||
| 337 |
_2rdamedia _asin mediacion _bn |
||
| 338 |
_2rdacarrier _avolumen _bnc |
||
| 500 | _aIncluye indice. | ||
| 505 | 8 | _aJurisprudencia de la corte suprema de justicia.--Perjuicios morales.--Jurisprudencia del consejo de estado.--salvamento de voto.--doctrina de algunos autores extranjeros | |
| 651 | 0 |
_aColombia _vJurisprudencia _xDaños y perjuicios. |
|
| 908 | _a160627 | ||
| 942 |
_cBK _h345.025 _iL86p _2ddc _n0 |
||
| 999 |
_c19805 _d19805 |
||